000 00847nam a2200265Ia 4500
003 GCL
008 140319s9999 xx 000 0 ara d
040 _aGCL /
_cGCL
082 0 4 _a792
_bا م
100 1 _aاحمد سخسوخ
245 1 0 _aالمشهد التجريبى فى المسرح الامريكى والاوربى /
_cاحمد سخسوخ
260 _a[S.N] :
_bوزارة الثقافة
300 _a114 ص
490 _a
650 0 4 _aالاخراج المسرحى
650 0 4 _aالمسرح
650 0 4 _aالمسرحيات
650 0 4 _aالفنون المسرحية
650 0 4 _aالانتاج المسرحى
650 0 4 _aالمسرح الاوروبى
650 0 4 _aالمسرح التجريبى
650 0 4 _aالمسرح الامريكى
650 0 4 _aالمسرحيات التجريبية
942 _2ddc
_cBK
999 _c58864
_d58864